• 首页
  • 本馆介绍
  • 公告通知
  • 最新文献
  • 馆藏检索
  • 电子资源
  • 读者导购
  • 参考咨询
  • 我的图书馆
  • 登录
  • 详细信息显示
  • 放入我的书架
  • 预约/预借图书
  • 作者相关作品
  • 分类相关作品
  • 丛书相关作品
  • 出版社相关作品

书目信息

  • 表格格式
  • 工作单格式
  • 卡片格式
题名:
火星
    
 
作者: 戴维 著 ;尹倩青 , 徐蒙 , 李汉成 译
分册:  
出版信息: 北京   现代出版社  2021.6
页数: 283页
开本: 25cm
丛书名:
单 册:
中图分类: P185.3
科图分类:
主题词: 火星--普及读物
电子资源:
ISBN: 978-7-5143-8965-4
000 01184nam0 2200301 45
001 012001000905
005 20140912093933.0
010    @a978-7-5143-8965-4@b精装@dCNY258.00
100    @a20210716d2021 em y0chiy50 ea
101 1  @achi@ceng
102    @aCN@b110000
105    @aab z 000yy
106    @ar
200 1  @a火星@Ahuo xing@b专著@e我们在红色星球上的未来@dMars@f(美)伦纳德·戴维著@g尹倩青,徐蒙,李汉成译@zeng
210    @a北京@c现代出版社@d2021.6
215    @a283页@c彩图,彩照,地图@d25cm
300    @a美国国家地理 火星系列纪录片伴侣书
300    @a并列题名:Mars
330    @a本书是美国国家地理频道和太空记者伦纳德·戴维历时数年共同打造的杰作。书中不仅蕴含强大的科学知识、来自世界各地的研究信息,还有在地球、太空和火星拍摄的照片,以及世界顶级行星科学家的评论等,带您到数千万公里之遥的火星,甚至几十年的未来,探索我们在太阳系中的下一个家。
510 1  @aMars@zeng
606 0  @a火星@j普及读物
690    @aP185.3@v5
701  0 @c(美)@a戴维@Adai wei@c(David, Leonard)@4著
702  0 @a尹倩青@Ayin qian qing@4译
702  0 @a徐蒙@Axu meng@4译
702  0 @a李汉成@Ali han cheng@4译
801  0 @aCN@bBJSDL@c20211011
905    @b1332369-71@dP185.3@e356@f3
    
    火星:我们在红色星球上的未来=Mars/(美)伦纳德·戴维著/尹倩青,徐蒙,李汉成译.-北京:现代出版社,2021.6
    283页:彩图,彩照,地图;25cm
    美国国家地理 火星系列纪录片伴侣书.-并列题名:Mars
    
    ISBN 978-7-5143-8965-4(精装):CNY258.00
    本书是美国国家地理频道和太空记者伦纳德·戴维历时数年共同打造的杰作。书中不仅蕴含强大的科学知识、来自世界各地的研究信息,还有在地球、太空和火星拍摄的照片,以及世界顶级行星科学家的评论等,带您到数千万公里之遥的火星,甚至几十年的未来,探索我们在太阳系中的下一个家。
●
相关链接 在E读中查询图书 在五车中查询图书 在当当中查询图书 在豆瓣中查询图书


正题名:火星     索取号:P185.3/356         预约/预借

序号 登录号 条形码 馆藏地/架位号 状态 备注
1 1332369   213323697   第二样本阅览室/ [索取号:P185.3/356] 在馆    
2 1332370   213323704   第三借阅区/ [索取号:P185.3/356] 在馆    
3 1332371   213323713   第三借阅区/ [索取号:P185.3/356] 在馆    
唐山师范学院图书馆 欢迎您!
大连网信软件有限公司© 版权所有